Nadnárodné spoločnosti ako nositeľ technologického a inovačného rozvoja

Charakteristika základných faktorov technologického a inovačného rozvoja. Identifikovanie ich významnosti na vybranej vzorke nadnárodných spoločností . Formulácia ich prínosu k technologickému a inovačnému rozvoju.

Guardado en:
Detalles Bibliográficos
Autor principal: Lesáková, Ľubica
Otros Autores: Uváčiková, Lucia
Formato: Capítulo de libro
Lenguaje:eslovaco
Materias:
Etiquetas: Agregar Etiqueta
Sin Etiquetas, Sea el primero en etiquetar este registro!

MARC

LEADER 00000naa a2200000 4500
001 0167973
005 20231204132109.0
041 0 |a slo 
044 |a SK 
245 1 0 |a Nadnárodné spoločnosti ako nositeľ technologického a inovačného rozvoja  |c Ľubica Lesáková, Lucia Uváčiková 
520 |a Charakteristika základných faktorov technologického a inovačného rozvoja. Identifikovanie ich významnosti na vybranej vzorke nadnárodných spoločností . Formulácia ich prínosu k technologickému a inovačnému rozvoju. 
610 2 0 |a spoločnosti nadnárodné 
610 2 0 |a globalizácia 
610 2 0 |a inovácia 
610 2 0 |a technológie nové 
610 2 0 |a rozvoj technický 
610 2 0 |a stratégia inovačná 
100 1 |a Lesáková, Ľubica 
700 1 |a Uváčiková, Lucia